[Event "Four Nations U20"]
[Site "Oslo"]
[Date "2007.11.30"]
[Round "1"]
[White "Hanninger, Simon"]
[Black "Garnelis, Julius"]
[Result "0-1"]
[WhiteElo "2129"]
[BlackElo "2141"]
[PlyCount "90"]
[EventDate "2007.11.30"]
[EventType "team"]
[EventRounds "3"]
[EventCountry "NOR"]
[SourceTitle "CBM 121 Extra"]
[Source "ChessBase"]
[SourceDate "2008.01.10"]
[SourceVersion "1"]
[SourceVersionDate "2008.01.10"]
[SourceQuality "1"]

1. e4 c6 2. d4 d5 3. exd5 cxd5 4. Bd3 Nc6 5. c3 Nf6 6. Bf4 g6 7. Ne2 Bg7 8. 0-0 0-0 9. Nd2 e5 10. dxe5 Ng4 11. Nf3 Ngxe5 12. Nxe5 Nxe5 13. Bc2 Nc6 14. Be3 Re8 15. Nd4 Qh4 16. Nf3 Qh5 17. Bb3 Be6 18. Ng5 Qxd1 19. Raxd1 Rad8 20. Rfe1 Bf6 21. Rd2 Bf5 22. Red1 Rxe3 23. Nxf7 Kxf7 24. fxe3 Bg5 25. Bxd5+ Kg7 26. Kf2 Rf8 27. Bf3 Ne5 28. Kg3 Nxf3 29. gxf3 Bxe3 30. Re2 Bf4+ 31. Kg2 Kf6 32. Rd4 g5 33. Ra4 a6 34. Rb4 b5 35. a4 Rd8 36. b3 Bd3 37. Ra2 a5 38. Rd4 Rxd4 39. cxd4 b4 40. h4 gxh4 41. Kh3 Bg5 42. Rf2 Bf5+ 43. Kh2 Bf4+ 44. Kh1 Ke6 45. Rb2 h3 0-1

[Event "SWE-chT2 0708"]
[Site "Sweden"]
[Date "2007.11.17"]
[Round "3"]
[White "Hanninger, Simon"]
[Black "Holm, Magnus"]
[Result "1-0"]
[WhiteElo "2188"]
[BlackElo "2238"]
[PlyCount "151"]
[EventDate "2007.10.20"]
[EventType "team"]
[EventRounds "9"]
[EventCountry "SWE"]
[SourceTitle "EXT 2009"]
[Source "ChessBase"]
[SourceDate "2008.11.26"]
[SourceVersion "1"]
[SourceVersionDate "2008.11.26"]
[SourceQuality "1"]
[WhiteTeam "Stockholm Rockaden II"]
[BlackTeam "Upsala II"]
[WhiteTeamCountry "SWE"]
[BlackTeamCountry "SWE"]

1. e4 c5 2. Nc3 Nc6 3. g3 g6 4. Bg2 Bg7 5. d3 d6 6. f4 Nf6 7. Nf3 0-0 8. 0-0 Bg4 9. h3 Bxf3 10. Qxf3 Nd7 11. g4 Rb8 12. Ne2 Nd4 13. Nxd4 cxd4 14. Bd2 Qb6 15. Rab1 Rfc8 16. Rfc1 Qa6 17. a3 Rc7 18. Bb4 Rbc8 19. Qd1 Nc5 20. Bf1 Qa4 21. Bxc5 Rxc5 22. c4 Qxd1 23. Rxd1 e5 24. fxe5 Bxe5 25. Be2 Kg7 26. Rf1 Rf8 27. Rf3 Rc7 28. Kg2 Rh8 29. Rf2 Rb8 30. Bd1 Re7 31. Bb3 Rc8 32. Rbf1 Rc5 33. Ba2 g5 34. b4 Rcc7 35. Rf5 f6 36. Rh1 Rc8 37. h4 h6 38. h5 Rec7 39. Rf2 Rc6 40. Bb3 R6c7 41. Rc2 b6 42. Rhc1 Bf4 43. Rb1 a5 44. bxa5 bxa5 45. Ba4 Re7 46. Rb5 Ra8 47. Rd5 Be5 48. Rb2 Rc7 49. Rdb5 Bf4 50. Rb1 Be5 51. Rb6 Bf4 52. Bc6 Rac8 53. Bd5 Ra7 54. a4 Bd2 55. Rb7+ Rc7 56. Rb8 Bb4 57. Rf1 Rf7 58. Bxf7 Rxf7 59. Rf5 Ra7 60. Rbb5 Bc5 61. Rf1 Bb4 62. Rff5 Bc5 63. Kf3 Bb4 64. e5 fxe5 65. Ke4 Rc7 66. Kd5 Re7 67. Ke4 Rc7 68. Rb8 Rd7 69. Re8 Bc5 70. Re6 Rb7 71. Rg6+ Kh7 72. Rff6 Rb1 73. Rxh6+ Kg8 74. Rhg6+ Kh7 75. Rf7+ Kh8 76. h6 1-0

[Event "SWE-chT 0708"]
[Site "Sweden"]
[Date "2007.10.19"]
[Round "1"]
[White "Vas, Peter1111"]
[Black "Hanninger, Simon"]
[Result "1/2-1/2"]
[WhiteElo "2227"]
[BlackElo "2188"]
[PlyCount "32"]
[EventDate "2007.10.19"]
[EventType "team"]
[EventRounds "11"]
[EventCountry "SWE"]
[SourceTitle "EXT 2009"]
[Source "ChessBase"]
[SourceDate "2008.11.26"]
[SourceVersion "1"]
[SourceVersionDate "2008.11.26"]
[SourceQuality "1"]
[WhiteTeam "Manhem"]
[BlackTeam "Stockholm Rockaden"]
[WhiteTeamCountry "SWE"]
[BlackTeamCountry "SWE"]

1. e4 c5 2. Nf3 d6 3. d4 cxd4 4. Nxd4 Nf6 5. f3 e5 6. Bb5+ Nbd7 7. Nf5 a6 8. Bxd7+ Qxd7 9. Bg5 Qb5 10. Nxd6+ Bxd6 11. Qxd6 Qxb2 12. 0-0 Qxa1 13. Rd1 Be6 14. Be3 Nd7 15. Bg5 Nf6 16. Be3 Nd7 1/2-1/2